[Event "Club Championship 2022 A"]
[Site "Wellington Chess Club"]
[Date "2022.10.06"]
[Round "2.1"]
[White "Tanoi, T Edward"]
[Black "Forster, Bill"]
[Result "1-0"]
[WhiteElo "1984"]
[BlackElo "2035"]

1. d4 d6 2. Nf3 Bg4 3. Qd3 c6 4. Bg5 Qa5+ 5. Bd2 Qb6 6. Nc3 e6 7. e4 Nf6 8. Be2
Nbd7 9. h3 Bh5 10. Be3 d5 11. O-O Bb4 12. Ne5 Bxe2 13. Nxe2 Nxe4 14. a3 Be7 15.
Nxd7 Kxd7 16. c4 Qa6 17. Rac1 Rhc8 18. Bf4 c5 $2 19. Qf3 cxd4 20. cxd5 exd5 21.
Nxd4 {looking to play Qg4+ and set up a potential skewer attack on c8, keeping
Black's  King in the centre while taking aim at his vulnerable kingside pawns.}
21... Qg6 $2 {stops  the threat but} 22. Qb3 $18 {now the queenside pawns are
under attack.} 22... Ke8 23. Rxc8+ Rxc8 24. Qxb7 Rd8 25. Nc6 Rd7 26. Qc8+ Bd8
27. Ne5 (27. f3) 27... Qe6 28. Qxd7+ Qxd7 29. Nxd7 Kxd7 30. Be3 a6 31. Rd1 Ke6
32. Bd4 Bf6 33. f3 Bxd4+ 34. Rxd4 Ke5 35. Ra4 Nc5 36. f4+ Kd6 37. Ra5 d4 38. b4
Nb3 39. Rxa6+ Kd5 40. Kf2 Ke4 41. g3 Kd3 42. Ke1 Ke3 43. b5 Nc1 44. Rd6 Nd3+
45. Kf1 Nb2 46. Rxd4 $1 Kxd4 47. b6 1-0

[Event "Club Championship 2022 A"]
[Site "Wellington Chess Club"]
[Date "2022.10.06"]
[Round "2.3"]
[White "Van der Hoorn, Thomas"]
[Black "Archer, Ollie"]
[Result "0-1"]
[WhiteElo "2056"]
[BlackElo "2184"]

1. e4 c6 2. d4 d5 3. Nc3 dxe4 4. Nxe4 Nd7 5. Ng5 Ngf6 6. Bd3 e6 7. N1f3 Bd6 8.
Qe2 h6 9. Ne4 Nxe4 10. Qxe4 Qc7 11. Bd2 b6 12. Qg4 Kf8 13. O-O-O c5 14. dxc5
Nxc5 15. Bc3 Nxd3+ 16. Rxd3 Bf4+ 17. Bd2 e5 18. Qh4 Bf5 19. Rc3 Bxd2+ 20. Nxd2
Qd7 21. Re3 Rc8 22. Qb4+ Kg8 23. Ne4 Qd5 24. Nc3 Qxg2 25. Rhe1 Qxf2 26. R1e2
Qg1+ 27. Re1 Qxh2 28. R1e2 Qf4 29. Qd6 Kh7 30. Kb1 Rhe8 31. Qd5 Rcd8 32. Qg2
Bg6 33. a3 b5 34. Nd5 Qd4 35. Rd2 Qc4 36. Rc3 Qe4 0-1

[Event "Club Championship 2022 B"]
[Site "Wellington Chess Club"]
[Date "2022.10.06"]
[Round "2.1"]
[White "Perrin, Brent"]
[Black "Chen, Wei Kai"]
[Result "1-0"]
[WhiteElo "1963"]
[BlackElo "1966"]

1. e4 c6 2. d4 d5 3. exd5 cxd5 4. Bd3 Nf6 5. h3 Nc6 6. c3 e6 7. Nf3 Bd6 8. O-O
h6 9. Re1 O-O 10. Ne5 Nd7 11. Bf4 Qe7 12. Nd2 Ndxe5 13. dxe5 Bc7 14. Qg4 f5 15.
exf6 Rxf6 16. Bxc7 Qxc7 17. Rad1 Qb6 18. Re2 e5 19. Qh5 Be6 20. c4 Raf8 21. Rf1
e4 22. c5 Qc7 23. Bb1 Rf5 24. Qh4 Rg5 25. f4 Rgf5 26. g3 Nd4 27. Ree1 Qxc5 28.
Kh1 R5f7 29. a3 Nf5 30. Qg4 h5 31. Qg5 Ne3 32. Rg1 Rf5 33. Qh4 Nc4 34. Nxc4
Qxc4 35. Qe7 Qc8 36. Ba2 R8f7 37. Qd6 Qd7 38. Qb8+ Rf8 39. Qxa7 h4 40. Qb6 Bf7
41. Qd4 Rxf4 42. Kh2 Rf3 43. Rxe4 hxg3+ 44. Rxg3 Rxg3 45. Kxg3 Qd6+ 46. Qe5
Qg6+ 47. Rg4 Qd3+ 48. Kh2 Qd2+ 49. Rg2 Qh6 50. Bxd5 Bxd5 51. Qxd5+ Kh8 52. Qxb7
Qf4+ 53. Rg3 Rf7 54. Qc8+ Kh7 55. Qg4 Qc7 56. Qe4+ Kh8 57. Qe2 Re7 58. Qd2 Rd7
59. Qc3 Qb8 60. b4 Rc7 61. Qd2 Rf7 62. Qe2 Qd6 63. b5 Re7 64. Qh5+ Kg8 65. Qf3
Rf7 66. Qb3 Qd4 67. Rg2 Qd6+ 68. Qg3 Qc5 69. a4 Qc4 70. Qb8+ Rf8 71. Qe5 Rf7
72. a5 1-0

[Event "Club Championship 2022 B"]
[Site "Wellington Chess Club"]
[Date "2022.10.06"]
[Round "2.2"]
[White "Winsley, Nicholas"]
[Black "Benitez, Edgar"]
[Result "0-1"]
[WhiteElo "1943"]
[BlackElo "1952"]

1. e4 e6 2. d4 d5 3. Nc3 Nf6 4. Bg5 h6 5. Bxf6 Qxf6 6. exd5 Bb4 7. dxe6 Bxe6 8.
Nf3 O-O 9. Qd2 c5 10. a3 cxd4 11. axb4 dxc3 12. Qxc3 Qf4 13. Be2 Rc8 14. Qd4
Qc7 15. Bd3 Nc6 16. Qe4 g6 17. b5 Bf5 18. Qh4 Bxd3 19. cxd3 Re8+ 20. Kf1 Ne5
21. Qxh6 Nxf3 22. gxf3 Qc2 23. Rc1 Qxd3+ 24. Kg2 Rac8 25. Qg5 Rxc1 26. Rxc1 Qd6
27. h4 Kg7 28. Rc5 Rh8 29. Rc4 Rh5 30. Qe3 Rxb5 31. Rc8 Qf6 32. Qe8 Rh5 33.
Qf8+ Kh7 34. Rc7 Rf5 35. Rxb7 Rxf3 36. Qc5 Rf5 37. Qxa7 Qc6+ 38. Kf1 Qc1+ 39.
Ke2 Qc2+ 40. Ke1 Qc1+ 41. Ke2 Qc4+ 42. Ke3 Qe6+ 43. Kd3 Rf3+ 44. Kc2 Qe4+ 45.
Kd2 Rd3+ 46. Kc1 Qe1+ 47. Kc2 Qd1# 0-1

[Event "Club Championship 2022 B"]
[Site "Wellington Chess Club"]
[Date "2022.10.06"]
[Round "2.3"]
[White "Jackson, Ross"]
[Black "Malcolm, Leo"]
[Result "1-0"]
[WhiteElo "1904"]
[BlackElo "1871"]

1. d4 e5 2. dxe5 d6 3. Nf3 Nc6 4. Bg5 f6 5. exf6 Nxf6 6. Nc3 h6 7. Bh4 g5 8.
Bg3 Bf5 9. e3 Bg7 10. Bd3 Qd7 11. Bxf5 Qxf5 12. Qd3 Qa5 13. Qg6+ Kf8 14. O-O
Ne7 15. Qd3 h5 16. h4 Nh7 17. Nd4 Bf6 18. Ne6+ Kf7 19. Nxg5+ Nxg5 20. hxg5 Bxc3
21. bxc3 Qxg5 22. Bf4 Qd5 23. e4 Qe6 24. Bg5 Rag8 25. f4 h4 26. Rf3 Qg4 27.
Raf1 a6 28. Rh3 Ke8 29. Qf3 Qe6 30. Rxh4 Qxa2 31. Rxh8 Rxh8 32. Bxe7 Kxe7 33.
Qg4 Rg8 34. Qh4+ Kd7 35. f5 Kc6 36. Qf2 Qf7 37. Qf3 Kd7 38. e5 dxe5 39. Qxb7
Qe7 40. Qd5+ 1-0

[Event "Club Championship 2022 B"]
[Site "Wellington Chess Club"]
[Date "2022.10.06"]
[Round "2.4"]
[White "Rossiter, Philip"]
[Black "Ackroyd, William"]
[Result "1-0"]
[WhiteElo "1839"]
[BlackElo "1866"]

1. c4 Nf6 2. Nc3 e6 3. Nf3 d5 4. d4 Be7 5. Bg5 O-O 6. e3 h6 7. Bh4 b6 8. Rc1
Bb7 9. Bd3 Nbd7 10. O-O c5 11. Qe2 cxd4 12. exd4 Re8 13. Rfe1 dxc4 14. Bxc4 Nh5
15. Bxe7 Qxe7 16. d5 Nf8 17. Qe5 Nf6 18. d6 Qd8 19. Bb5 1-0

[Event "Club Championship 2022 B"]
[Site "Wellington Chess Club"]
[Date "2022.10.06"]
[Round "2.5"]
[White "Aldridge, Alan"]
[Black "Young, Cohen"]
[Result "0-1"]
[WhiteElo "1806"]
[BlackElo "1931"]

1. e4 c5 2. Nf3 e6 3. d4 cxd4 4. Nxd4 Nf6 5. Nc3 Nc6 6. Be2 Bb4 7. f3 d5 8.
Nxc6 bxc6 9. O-O Bxc3 10. bxc3 Qb6+ 11. Kh1 dxe4 12. Ba3 c5 13. Rb1 Qa5 (13...
Qc7) 14. Bb5+ (14. Qd6 $1 Qxa3 15. Rb7 $3 {computer line}  (15. Rfd1 Bd7 16.
Rb8+ Rxb8 17. Qxb8+ Ke7 18. Qd6+ Ke8 19. Bb5 $18) 15... Bxb7 16. Bb5+) 14...
Bd7 15. Bxd7+ Nxd7 16. Rb7 Rd8 17. Qc1 exf3 18. Rxf3 Ne5 19. Rf1 O-O 20. Qf4
Ng6 21. Qc7 Qxa3 22. h3 Nh8 23. Rxa7 Qxc3 24. a4 h6 25. a5 Ra8 26. a6 Qc4 27.
Rb1 Rac8 28. Qb6 Qa4 29. Rb5 Rfd8 30. Rb1 Kh7 31. Qb2 Rd2 32. Qb7 Rcd8 33. Qf3
Qxc2 34. Rb3 Rf2 35. Qg3 Rd1+ 36. Kh2 Rdd2 0-1

[Event "Club Championship 2022 Swiss"]
[Site "Wellington Chess Club"]
[Date "2022.10.06"]
[Round "2.1"]
[White "Farrington, Lawrence"]
[Black "Sole, Michael"]
[Result "0-1"]
[WhiteElo "1600"]
[BlackElo "2149"]

1. e4 c6 2. d4 d5 3. exd5 cxd5 4. c4 Nf6 5. Nc3 Nc6 6. Nf3 a6 7. h3 g6 8. Bd3
Bg7 9. cxd5 Nxd5 10. Be4 Be6 11. O-O O-O 12. Re1 Rc8 13. a3 Nxc3 14. bxc3 Bd5
15. Bb2 e6 16. Qd3 Na5 17. Bxd5 Qxd5 18. Nd2 Rfd8 19. Qe4 Qb5 20. Rab1 Qa4 21.
f4 Rd5 22. Rec1 Nc4 23. Nxc4 Rxc4 24. Qe1 Qc6 25. Qe2 Qc7 26. Qf1 Bh6 27. g3 g5
28. Rc2 Rcxd4 29. fxg5 Bxg5 30. Rg2 Rd3 31. Kh2 Qc4 32. Rf2 Qc7 33. Rg2 Rd2 34.
Qf3 Qc6 35. Qf1 Rxg2+ 0-1

[Event "Club Championship 2022 Swiss"]
[Site "Wellington Chess Club"]
[Date "2022.10.06"]
[Round "2.2"]
[White "Lyall, Gordon"]
[Black "McConnell, Jack"]
[Result "1-0"]
[WhiteElo "1940"]
[BlackElo "1410"]

1. d4 Nf6 2. c4 c5 3. d5 b5 4. cxb5 a6 5. bxa6 g6 6. g3 Bxa6 7. Bg2 d6 8. Nf3
Bg7 9. O-O Nbd7 10. Re1 O-O 11. e4 Nb6 12. Nc3 Nfd7 13. Bg5 Nc4 14. Qc1 Re8 15.
Bh6 Bxh6 16. Qxh6 Nxb2 17. Ng5 Nf8 18. e5 Nd3 19. e6 f6 20. Nxh7 Nxe1 (20...
Nxh7 21. Qxg6+ Kh8 22. Be4) 21. Nxf8 Rxf8 22. Qxg6+ Kh8 23. Rxe1 Qe8 24. Qh6+
Kg8 25. Re4 1-0

[Event "Club Championship 2022 Swiss"]
[Site "Wellington Chess Club"]
[Date "2022.10.06"]
[Round "2.3"]
[White "Carlyle, Mathieson"]
[Black "Marney, John"]
[Result "0-1"]
[WhiteElo "1532"]
[BlackElo "1692"]

1. e4 e5 2. Nf3 Nc6 3. Bc4 Bc5 4. b4 Bxb4 5. c3 Be7 6. d4 exd4 7. cxd4 Na5 8.
Bb3 Nxb3 9. Qxb3 Nf6 10. Nc3 d5 11. e5 Ne4 12. Ne2 O-O 13. Ng3 Nxg3 14. hxg3 c6
15. Bd2 Qb6 16. Qd3 g6 17. Qe3 f5 18. Qh6 Rf7 19. Bg5 Bf8 20. Qh4 Be6 21. Bf6
Qb2 22. Rd1 Qb4+ 23. Ke2 Be7 24. Ng5 Bxf6 25. exf6 Qc4+ 26. Ke1 Re8 27. Nf3
Bc8+ 28. Ne5 c5 29. f4 cxd4 30. Kf2 Qxa2+ 31. Kf3 Rxe5 32. fxe5 Qb3+ 33. Kf2
Qe3+ 34. Kf1 Bd7 35. Rxd4 Bb5+ 36. Rc4 dxc4 37. Qxh7+ Rxh7 38. f7+ Rxf7 0-1

[Event "Club Championship 2022 Swiss"]
[Site "Wellington Chess Club"]
[Date "2022.10.06"]
[Round "2.4"]
[White "Didar Ali, Azar"]
[Black "Ashe, Michael"]
[Result "0-1"]
[WhiteElo "1500"]
[BlackElo "1680"]

1. e4 c6 2. Nf3 d5 3. exd5 cxd5 4. Bb5+ Nc6 5. h3 a6 6. Ba4 b5 7. Bb3 Na5 8.
O-O e6 9. d4 Nxb3 10. axb3 Bd6 11. Bg5 Ne7 12. Re1 O-O 13. Qd3 Qc7 14. Bxe7
Bxe7 15. Nbd2 Bb7 16. c3 Rfc8 17. b4 h6 18. Qe2 Re8 19. Ne5 Bd6 20. Qh5 f6 21.
Nd3 e5 22. dxe5 fxe5 23. Nb3 Qf7 24. Qxf7+ Kxf7 25. Ndc5 Re7 26. Nxb7 Rxb7 27.
Rad1 d4 28. cxd4 Bxb4 29. Rxe5 Bd6 30. Ree1 Bb4 31. Re4 Re7 32. Rxe7+ Kxe7 33.
Kf1 Kd6 34. Nd2 Kd5 35. Nf3 Rc8 36. Rd3 Rc1+ 37. Ke2 Rc2+ 38. Kf1 Rxb2 39. Re3
Bd6 40. g4 a5 41. Re2 Rxe2 42. Kxe2 a4 43. Kd3 b4 44. Nd2 Bf4 45. Nc4 a3 46.
Na5 Bc1 47. Nb3 Bb2 48. f4 a2 49. h4 a1=Q 50. Nxa1 Bxa1 51. g5 Bxd4 52. f5 hxg5
53. hxg5 b3 54. Kd2 Ke4 55. f6 gxf6 56. g6 f5 0-1

[Event "Club Championship 2022 Swiss"]
[Site "Wellington Chess Club"]
[Date "2022.10.06"]
[Round "2.5"]
[White "Qu, Lucas"]
[Black "Lawrence, Hugo"]
[Result "0-1"]
[WhiteElo "1271"]
[BlackElo "1629"]

1. e4 c6 2. d4 d5 3. exd5 cxd5 4. Nf3 Bf5 5. Bf4 Nc6 6. c3 e6 7. Bd3 Nge7 8.
Qe2 Bxd3 9. Qxd3 Ng6 10. Qe3 Nxf4 11. Qxf4 Bd6 12. Qe3 Qc7 13. g3 O-O 14. Nbd2
e5 15. O-O e4 16. Nh4 f5 17. Qg5 Ne7 18. Kg2 f4 19. f3 e3 20. Nb3 h6 21. Qg4
Rae8 22. Rae1 Kh7 23. Nc5 Bxc5 24. dxc5 g5 25. c4 d4 26. gxf4 gxh4 27. Qxh4 Ng6
28. Qg4 Rxf4 29. Qg3 Nh4+ 30. Kh1 Rg8 31. Qh3 Qc6 32. b4 Rxf3 33. Rxf3 Qxf3+
34. Qxf3 Nxf3 35. Rf1 e2 36. Ra1 Rg1+ 37. Rxg1 Nxg1 38. Kxg1 e1=Q+ 39. Kg2 d3
40. b5 d2 41. c6 d1=Q 42. c7 Qf1+ 43. Kg3 Qdf3+ 44. Kh4 Q1h3# 0-1

[Event "Club Championship 2022 Swiss"]
[Site "Wellington Chess Club"]
[Date "2022.10.06"]
[Round "2.7"]
[White "Thirkell, Zachary"]
[Black "Hall, Nathan"]
[Result "1-0"]
[WhiteElo "1500"]
[BlackElo "1950"]

1. Nf3 d5 2. d4 Nf6 3. c4 c6 4. Bf4 e6 5. e3 Nbd7 6. a3 Be7 7. Nc3 O-O 8. Qc2
a6 9. cxd5 exd5 10. Bd3 c5 11. O-O cxd4 12. exd4 Re8 13. Rfe1 Nf8 14. Na4 Be6
15. Bc7 Qc8 16. Nb6 Bd8 17. Nxc8 Rxc8 18. Qd2 Rxc7 19. Ne5 Rce7 20. b4 Bb6 21.
Nf3 Ng6 22. b5 a5 23. h3 Bc7 24. Rab1 Bb6 25. Ng5 Nf8 26. Bc2 Bc7 27. b6 Bb8
28. Qxa5 h6 29. Nf3 Rc8 30. Qd2 N8d7 31. a4 Bd6 32. Bd3 Nb8 33. Bb5 Ne4 34. Qb2
Rc3 35. Rxe4 dxe4 36. Qxc3 exf3 37. Qxf3 g6 38. Re1 Kg7 39. d5 Bxd5 40. Qc3+
Kh7 41. Rxe7 Bxe7 42. Qc7 1-0

[Event "Club Championship 2022 Swiss"]
[Site "Wellington Chess Club"]
[Date "2022.10.06"]
[Round "2.8"]
[White "Cooke, Xandi"]
[Black "Lavender, Ariel"]
[Result "0-1"]
[WhiteElo "1527"]
[BlackElo "1485"]

1. d4 Nf6 2. c4 e6 3. Nc3 Bb4 4. Qc2 c5 5. dxc5 Qa5 6. Bf4 Bxc3+ 7. Qxc3 Qxc3+
8. bxc3 Na6 9. e3 Ne4 10. Rc1 Naxc5 11. f3 g5 12. Bc7 Nf6 13. Be5 Ke7 14. Rd1
d5 15. Bxf6+ Kxf6 16. cxd5 exd5 17. Rxd5 Na4 18. Ne2 Be6 19. Rd2 Rhd8 20. Rc2
Rd3 21. Kf2 Rc8 22. Ng3 Rd1 23. Ne4+ Kg6 24. c4 f5 25. Nd2 b5 26. Ke2 Ra1 27.
Kd3 bxc4+ 28. Nxc4 Bxc4+ 29. Rxc4 Nb2+ 30. Kc3 Nxc4 31. Bxc4 Rxc4+ 32. Kxc4
Rxh1 33. h3 Rh2 34. a4 Rxg2 35. Kb5 Re2 36. a5 Rxe3 37. Ka6 Rxf3 38. Kxa7 Rxh3
39. a6 Ra3 40. Kb7 Rxa6 41. Kxa6 g4 42. Kb5 g3 43. Kb4 g2 44. Ka3 g1=Q 45. Ka2
Qb6 46. Ka1 f4 47. Ka2 f3 48. Ka1 f2 49. Ka2 Qb4 50. Ka1 f1=Q+ 51. Ka2 Qfb1#
0-1

[Event "Club Championship 2022 Swiss"]
[Site "Wellington Chess Club"]
[Date "2022.10.06"]
[Round "2.9"]
[White "Hampshire, Thomas"]
[Black "Asher, Bruce"]
[Result "1-0"]
[WhiteElo "1500"]
[BlackElo "1056"]

1. e4 e5 2. Nf3 Nc6 3. Bb5 a6 4. Ba4 Nf6 5. O-O Bc5 6. d3 O-O 7. h3 h6 8. Be3
Nd4 9. Nxe5 d6 10. Nf3 b5 11. Bxd4 bxa4 12. Bxc5 dxc5 13. Nbd2 Nh5 14. Nc4 Qf6
15. Qe2 Qg6 16. Nfe5 Qg5 17. Kh1 Nf4 18. Qf3 Qh4 19. Qg3 Qxg3 20. fxg3 Ne2 21.
Kh2 Be6 22. c3 g5 23. Rae1 Nxg3 24. Kxg3 Rad8 25. Rd1 Kg7 26. b3 axb3 27. axb3
Rb8 28. Rb1 f6 29. Nf3 Rfd8 30. d4 f5 31. e5 f4+ 32. Kf2 cxd4 33. cxd4 g4 34.
hxg4 Bxg4 35. Rfd1 Kg6 36. b4 h5 37. b5 Bf5 38. Nh4+ Kg5 39. Nxf5 Kxf5 40. bxa6
Ke4 41. Ra1 f3 42. Nd2+ Kxd4 43. Nxf3+ Ke4 44. Rxd8 Rxd8 45. a7 Ra8 46. e6 c5
47. e7 c4 48. e8=R+ Rxe8 49. a8=Q+ Rxa8 50. Rxa8 c3 51. Ke2 Kd5 52. Kd3 1-0

[Event "Club Championship 2022 Swiss"]
[Site "Wellington Chess Club"]
[Date "2022.10.06"]
[Round "2.10"]
[White "Henrys, Francis"]
[Black "Fairbrother, Rebecca"]
[Result "1-0"]
[WhiteElo "1500"]
[BlackElo "1500"]

1. e4 e5 2. Nf3 Nf6 3. Nxe5 Qe7 4. d4 d6 5. Nf3 d5 6. e5 Ne4 7. Bd3 Bf5 8. Qe2
a6 9. c4 Qe6 10. O-O Nc6 11. Nbd2 Nxd2 12. Nxd2 Bb4 13. cxd5 Bxd3 14. Qxd3 Qxd5
15. Nf3 O-O 16. Ng5 g6 17. Be3 b6 18. Ne4 a5 19. Nf6+ Kh8 20. Nxd5 Rac8 21. Bg5
Rfe8 22. Qh3 Nxd4 23. Bf6+ Kg8 24. a3 Ne2+ 25. Kh1 Bd2 26. Rad1 Rcd8 27. Rxd2
c6 28. Ne7+ Kf8 29. Qh6# 1-0

[Event "Club Championship 2022 Swiss"]
[Site "Wellington Chess Club"]
[Date "2022.10.06"]
[Round "2.11"]
[White "Scott, Callum"]
[Black "Saglam, Yigit"]
[Result "0-1"]
[WhiteElo "1652"]
[BlackElo "1500"]

1. d4 d5 2. c4 e6 3. Nc3 Nf6 4. Bg5 c6 5. Nf3 Nbd7 6. e3 Qa5 7. Bd3 dxc4 8.
Bxc4 Ne4 9. Bf4 Nxc3 10. Qd2 Bb4 11. O-O Nd5 12. Qc2 Nxf4 13. exf4 O-O 14. Ng5
Nf6 15. Rfd1 Be7 16. Rab1 h6 17. Nf3 Nd5 18. f5 exf5 19. a3 Be6 20. Bd3 Nf6 21.
Nh4 Ne4 22. Nf3 c5 23. Bxe4 fxe4 24. Qxe4 cxd4 25. Nxd4 Qd5 26. Qe2 Bf6 27. Nf3
Qh5 28. h3 Rfe8 29. Qd2 Bxh3 30. gxh3 Qxf3 31. Qd5 Qxd5 32. Rxd5 Rad8 33. Rb5
Rd2 34. Rxb7 Ree2 35. Rxa7 Rxb2 36. Rxb2 Rxb2 37. Ra8+ Kh7 38. a4 Bd4 39. Kg2
Rxf2+ 40. Kg3 g5 41. a5 Kg6 42. a6 f5 43. a7 Kh5 44. h4 f4+ 45. Kh3 g4# 0-1

[Event "Club Championship 2022 Swiss"]
[Site "Wellington Chess Club"]
[Date "2022.10.06"]
[Round "2.12"]
[White "Wang, Justin"]
[Black "Loke, Kayden"]
[Result "0-1"]
[WhiteElo "1500"]
[BlackElo "1974"]

1. d4 Nf6 2. Bg5 e6 3. e4 h6 4. Bxf6 Qxf6 5. e5 Qe7 6. Nf3 Qb4+ 7. c3 Qxb2 8.
Nbd2 Nc6 9. Be2 Qxc3 10. Rc1 Qb2 11. Rc2 Qb4 12. Rc4 Qa3 13. Qa1 g5 14. h3 Bb4
15. O-O a5 16. Ne4 b5 17. Rcc1 Ba6 18. Nf6+ Kd8 19. d5 Nb8 20. dxe6 fxe6 21.
Nd4 c6 22. Rcd1 Ke7 23. Rd3 Qa4 24. a3 Bc5 25. Qa2 b4 26. Bd1 Bxd3 27. Bxa4
Bxf1 28. Kxf1 Bxd4 29. Qe2 bxa3 30. Qe4 Bb2 31. Ng4 a2 32. Qe1 a1=Q 33. Qxa1
Bxa1 34. Ke2 Na6 35. f3 Rhb8 36. Kf2 h5 37. Nh6 h4 38. g3 Nc5 39. Bd1 Bd4+ 40.
Ke2 Rb2+ 41. Ke1 Rf2 42. Be2 Rb8 43. Kd2 Rb2+ 44. Ke1 Nb3 45. Bd1 Bc3# 0-1

[Event "Club Championship 2022 Swiss"]
[Site "Wellington Chess Club"]
[Date "2022.10.06"]
[Round "2.13"]
[White "Mangera, Mohammad"]
[Black "Wang, Timothy"]
[Result "1/2-1/2"]
[WhiteElo "1510"]
[BlackElo "1500"]

1. e4 c5 2. Nf3 d6 3. d4 cxd4 4. Nxd4 Bd7 5. Nc3 Nc6 6. Bc4 Nf6 7. Be3 g6 8.
O-O Bg7 9. Nxc6 Bxc6 10. f3 O-O 11. Qd2 e6 12. Rad1 Ne8 13. Bc5 Nf6 14. Bxd6
Re8 15. Bf4 Qb6+ 16. Kh1 Qxb2 17. Rb1 Qa3 18. Nb5 Qa4 19. Rb4 Qa5 20. Rb3 Qxd2
21. Bxd2 Bxb5 22. Rxb5 b6 23. e5 Nd7 24. f4 f6 25. exf6 Nxf6 26. Re1 Rad8 27.
Bxe6+ Rxe6 28. Rxe6 Rxd2 29. Rb1 Rxc2 30. a3 Ra2 31. Re3 Bf8 32. h3 Rxa3 33.
Rxa3 Bxa3 34. Ra1 Bd6 35. Rxa7 Bxf4 36. Rb7 Be3 37. Kh2 Nd5 38. Kg3 Kf8 39. Kf3
Bg1 40. Rxh7 b5 41. Rb7 b4 42. Ke4 Nc3+ 43. Kd3 Nd5 44. Kc4 Nf4 45. Kxb4 Nxg2
46. Rb5 Kg7 47. Rg5 Nf4 48. Rxg1 Nxh3 49. Rg3 Nf4 50. Kc4 Kf6 51. Rf3 Kg5 52.
Kd4 Kg4 53. Ke4 g5 54. Rf1 Kg3 55. Rg1+ Ng2 56. Kf5 g4 57. Rxg2+ Kxg2 58. Kxg4
1/2-1/2

[Event "Club Championship 2022 Swiss"]
[Site "Wellington Chess Club"]
[Date "2022.10.06"]
[Round "2.14"]
[White "Hupert, Leo"]
[Black "Katkodia, Ali"]
[Result "0-1"]
[WhiteElo "1385"]
[BlackElo "1500"]

1. e4 d6 2. d4 Nf6 3. Nc3 g6 4. e5 dxe5 5. dxe5 Qxd1+ 6. Nxd1 Ng4 7. Nf3 Bg7 8.
Bf4 Nc6 9. Bb5 Bd7 10. e6 Bxe6 11. Bxc6+ bxc6 12. h3 Nf6 13. Be5 Bc4 14. b3 Bd5
15. Ne3 O-O 16. Nd4 Bh6 17. f4 Nh5 18. Nxd5 cxd5 19. Nc6 Rfe8 20. g4 Nxf4 21.
g5 Bxg5 22. h4 Bh6 23. O-O-O Nd3+ 24. Kb1 Nf2 25. Rxd5 Nxh1 26. Rd7 Bf8 27. Rd3
Nf2 28. Rg3 h5 29. Nd4 Bg7 30. Bxg7 Kxg7 31. Nf5+ Kh7 32. Ne3 Rad8 33. Rf3 Ng4
34. Nc4 Kg7 35. Kb2 e5 36. Rc3 e4 37. a4 e3 38. Na5 e2 39. Nb7 Rd1 0-1

[Event "Club Championship 2022 Swiss"]
[Site "Wellington Chess Club"]
[Date "2022.10.06"]
[Round "2.15"]
[White "Keith, Matthew"]
[Black "Mavaram, Eashan"]
[Result "1-0"]
[WhiteElo "1500"]
[BlackElo "1349"]

1. e4 e5 2. Nf3 Nc6 3. Bb5 a6 4. Ba4 Nf6 5. O-O b5 6. Bb3 Bc5 7. c3 O-O 8. d4
exd4 9. cxd4 Bb6 10. e5 Ne8 11. Bg5 Ne7 12. Qd3 d6 13. Qe4 Bf5 14. Qh4 Ng6 15.
Bxd8 Nxh4 16. Bxh4 dxe5 17. Be7 exd4 18. Bxf8 Kxf8 19. Nbd2 d3 20. Bd5 Rd8 21.
Be4 Bxe4 22. Nxe4 c5 23. Rfd1 c4 24. Rac1 Rc8 25. b3 Ba5 26. bxc4 bxc4 27. Nfd2
c3 28. Nb3 c2 29. Rxd3 Bb4 30. Nec5 Bxc5 31. Rxc2 Rb8 32. Rxc5 Nf6 33. f3 Re8
34. Kf2 g6 35. Rd6 Kg7 36. Rxa6 Nd7 37. Rc7 Ne5 38. Raa7 h5 39. f4 Nd3+ 40. Kf3
Ne1+ 41. Kg3 Rf8 42. Nd4 h4+ 43. Kh3 Kg8 44. f5 g5 45. Kg4 Nxg2 46. Kxg5 f6+
47. Kh6 Rd8 48. Rg7+ Kf8 49. Ne6+ 1-0

[Event "Club Championship 2022 Swiss"]
[Site "Wellington Chess Club"]
[Date "2022.10.06"]
[Round "2.16"]
[White "Saglam, Azra"]
[Black "Hooper, John"]
[Result "0-1"]
[WhiteElo "1500"]
[BlackElo "1247"]

1. d4 Nf6 2. Nf3 g6 3. c4 Bg7 4. Bf4 O-O 5. e3 e6 6. Nc3 d5 7. Rc1 c6 8. Be2
Qb6 9. b3 Nbd7 10. c5 Qa5 11. Bd3 b6 12. Bd6 Re8 13. O-O Ba6 14. Bxa6 Qxa6 15.
b4 Qc8 16. Qd3 a5 17. a3 axb4 18. axb4 Ra3 19. Ra1 Rb3 20. Rfb1 Rxb1+ 21. Rxb1
Ng4 22. h3 Nh6 23. Na4 b5 24. Nb6 Qb7 25. Nxd7 Qxd7 26. Ne5 Bxe5 27. Bxe5 Qe7
28. Qd2 Nf5 29. Bh2 Qg5 30. f4 Qh4 31. Qf2 Ra8 32. g4 Qxf2+ 33. Kxf2 Ra2+ 34.
Kf3 Rxh2 35. gxf5 Rxh3+ 36. Kf2 exf5 37. Ke2 Rh2+ 38. Kd3 Rh3 39. Rg1 f6 40.
Ke2 Rh2+ 41. Kf3 Ra2 42. Rb1 Kf7 43. Kg3 Ra3 44. Kf2 g5 45. Ke2 gxf4 46. exf4
h5 47. Rh1 Kg6 48. Rg1+ Kh6 49. Rg8 Ra6 50. Rf8 Kg6 51. Rg8+ Kh7 52. Rg3 Ra4
53. Rb3 Kh6 54. Kf3 h4 55. Kg2 Kh5 56. Kh3 Ra1 57. Rb2 Ra3+ 0-1

[Event "Club Championship 2022 Swiss"]
[Site "Wellington Chess Club"]
[Date "2022.10.06"]
[Round "2.17"]
[White "Ulm, Eric"]
[Black "Ulm, Joy"]
[Result "1/2-1/2"]
[WhiteElo "1500"]
[BlackElo "1500"]

1. e4 e5 2. Nf3 Nc6 3. Bb5 a6 4. Ba4 Nf6 5. Qe2 Bc5 6. d3 b5 7. Bb3 O-O 8. Bg5
h6 9. Bh4 Re8 10. c3 Be7 11. O-O d6 12. h3 Nd7 13. Bxe7 Qxe7 14. Bd5 Bb7 15. a3
Nf6 16. Ba2 Rad8 17. Nbd2 d5 18. b4 d4 19. c4 bxc4 20. Bxc4 Na7 21. Nb3 Nb5 22.
Bxb5 axb5 23. Nc5 Ba8 24. Nh4 g6 25. g3 Nd7 26. Rac1 Nxc5 27. Rxc5 Qd7 28. Kh2
c6 29. Qd2 Kh7 30. Ra1 Bb7 31. Qe2 Qe6 32. Nf3 Bc8 33. Ng1 Bd7 34. a4 Ra8 35.
a5 Qb3 36. Qa2 Qxb4 37. Qxf7+ Kh8 38. Qf6+ Kh7 39. Qf7+ 1/2-1/2

[Event "Club Championship 2022 A"]
[Site "Wellington Chess Club"]
[Date "2022.10.13"]
[Round "3.1"]
[White "Croad, Nic"]
[Black "Tanoi, T Edward"]
[Result "1-0"]
[WhiteElo "2439"]
[BlackElo "1984"]

1. e4 c5 2. Nf3 Nc6 3. Bb5 e6 4. O-O Nge7 5. d4 cxd4 6. Nxd4 a6 7. Be2 Ng6 8.
c4 Be7 9. Nc3 O-O 10. Kh1 Bf6 11. Nc2 d6 12. Be3 Rb8 13. Qd2 Qc7 14. Rac1 b6
15. Na3 Qd8 16. f4 e5 17. f5 Nf4 18. Bd1 Nb4 19. Nc2 Nxc2 20. Rxc2 Bb7 21. g3
Nh3 22. Qg2 Bg5 23. Bxg5 Nxg5 24. h4 Nxe4 25. Nxe4 d5 26. cxd5 Qxd5 27. Bf3
Qxa2 28. f6 g6 29. Qd2 Kh8 30. Qh6 Rg8 31. Ng5 Bxf3+ 32. Kh2 1-0

[Event "Club Championship 2022 A"]
[Site "Wellington Chess Club"]
[Date "2022.10.13"]
[Round "3.2"]
[White "Winter, Ryan"]
[Black "Pomeroy, Arthur"]
[Result "1/2-1/2"]
[WhiteElo "2195"]
[BlackElo "2022"]

1. e4 c5 2. Nf3 d6 3. d4 cxd4 4. Nxd4 Nf6 5. Nc3 a6 6. Be2 e5 7. Nb3 Be7 8. Be3
O-O 9. g4 Be6 10. g5 Nfd7 11. h4 Nc6 12. Qd2 Rc8 13. h5 f5 14. exf5 Bxf5 15.
Bf3 Nb4 16. Rc1 e4 17. Bg2 Ne5 18. Nd5 Ned3+ 19. cxd3 Rxc1+ 20. Nxc1 Nxd5 21.
dxe4 Nxe3 22. Qxe3 Bxg5 23. f4 Bh4+ 24. Kd2 Be6 25. Kc2 Bf6 26. Kb1 Qa5 27. Bh3
Bf7 28. Bg4 Qb5 29. Rh2 Re8 30. Rd2 Qb4 31. Bf3 Rc8 32. a3 Qc4 33. Qe1 Bd4 34.
Be2 Qc5 35. Bg4 Rc6 36. Nd3 Qc4 37. Nb4 Rb6 38. Rc2 Rxb4 39. axb4 Qa2+ 40. Kc1
Bb3 41. Qh4 Be3+ 42. Kd1 Qb1+ 43. Ke2 Qxc2+ 44. Kxe3 Qc1+ 45. Kd3 Qc2+ 1/2-1/2